California King Bed - Rihanna (All Lyrics) - Statistics

General Stats
  • This quiz has been taken 215 times
  • The average score is 186 of 251
Answer Stats
Lyrics % Correct
a
100%
bed,
99%
California
99%
king
99%
king.
99%
I
98%
to
93%
In
91%
in
91%
my
91%
My
91%
We
91%
this
89%
the
87%
were
87%
we're
87%
me.
84%
me
84%
miles
84%
apart.
83%
it
83%
us.
82%
us?
82%
us,
82%
when
82%
just
81%
Just
81%
thousand
80%
You
80%
you
80%
on
79%
So
79%
so
79%
then,
79%
by
78%
that
78%
That
78%
Chest
77%
chest.
77%
like
77%
Nose
77%
nose.
77%
And
75%
and
75%
between
75%
close.
74%
distance
74%
your
74%
feel
73%
I've
73%
ten
73%
heart,
72%
been
71%
Been
71%
for
71%
more
71%
than
70%
of
69%
always
68%
Eye
68%
eye.
68%
how
68%
out
68%
fingers,
67%
feels
66%
reach
66%
these
66%
Toe
65%
toe.
65%
stars
63%
wishing
63%
Cheek
62%
cheek.
62%
come
62%
dreaming.
60%
Arm
58%
arm.
58%
felt
58%
inside
58%
rose.
58%
seem
57%
Palm
56%
palm.
56%
Side
56%
side.
56%
last
55%
Lips
55%
next
55%
up
53%
With
52%
better.
51%
made
51%
giving
50%
love
50%
seems
50%
one
48%
sleeping
48%
don't
47%
sheets.
47%
Wrist
47%
wrist.
47%
But
46%
eyes
46%
night
46%
got
45%
around
43%
everything
43%
if
43%
touch.
43%
little
42%
wanna
42%
wetter.
41%
gave
40%
even
39%
curtains
38%
Maybe
38%
ask
37%
drawn.
37%
turned
37%
dawn.
35%
weak.
35%
Dusk
32%
confused,
31%
No matching quizzes found
Score Distribution
Percent of People with Each Score
Percentile by Number Answered
Your Score History
You have not taken this quiz